Child complementary feeding in Urban areas of Nepal (practices and nutritional implications)
Saved in:
| Main Author: | |
|---|---|
| Format: | Book |
| Published: |
Kathmandu
Udaya Books
2002
|
| Subjects: | |
| Online Access: | Full Text Visit NHRC Information Center |
| Tags: |
Add Tag
No Tags, Be the first to tag this record!
|
| LEADER | 00754nam a22002177a 4500 | ||
|---|---|---|---|
| 003 | 664 | ||
| 952 | |0 0 |1 0 |2 NLM |4 0 |6 WS_130_000000000000000_MAL_2002 |7 0 |9 1465 |a NHRC |b NHRC |c CART |d 2013-03-11 |l 0 |o WS 130/MAL/2002 |p 000664 |r 2013-03-11 |w 2013-03-11 |y BK | ||
| 999 | |c 1425 |d 1425 | ||
| 020 | |a 9993330108 | ||
| 060 | |a WS 130 | ||
| 100 | |a Malla, Sushila |9 1174 | ||
| 245 | |a Child complementary feeding in Urban areas of Nepal (practices and nutritional implications) | ||
| 260 | |a Kathmandu |b Udaya Books |c 2002 | ||
| 300 | |a 147p. ; | ||
| 362 | |a 2002 | ||
| 500 | |a Book | ||
| 518 | |a 01-19-2004 | ||
| 526 | |a Children, health and hygiene | ||
| 650 | |a Nutrition |9 1175 | ||
| 856 | |y Full Text Visit NHRC Information Center |u http://nhrc.gov.np/contact/ | ||
| 942 | |c BK |2 NLM | ||